00740nam a2200241 a 4500001001300000003000900013005001700022008004100039020001000080082001700090100002800107245002700135260006000162300000900222500003500231505001700266650003300283650003200316902000800348942000700356952011800363999001700481nice12345678IN_TiNIC20260116014301.0050524s1998 newa grp 000 0 urd  ac13500a954.024bQAN aQanoongo, Kalika Ranjan aShershah Awr Uska Ahad aNew DelhibQaumi Council Barai Taraqi-E-Urdu Langc1998 a704p aincludes index and biblioraphy2 aBibliography aIndia-History Sher Shah Suri aIndia-History Muslim Period bSRS cBK 001040708StackRoom-aHMIbHMId2007-04-04g135.00l0o954.024 QANp021092r2007-04-04v135.00w2005-05-24yBK c14634d14634